Higiene industrial (Registro nro. 7721)
[ vista simple ]
| 000 -CABECERA | |
|---|---|
| Longitud fija campo de control | 01257nam a2200385 c 4500 |
| 001 - NÚMERO DE CONTROL | |
| Número de control | 7721 |
| 003 - IDENTIFICADOR DE NÚMERO DE CONTROL | |
| Identificador del número de control | ES-MaCES |
| 005 - FECHA Y HORA DE LA ÚLTIMA TRANSACCIÓN | |
| Fecha y hora de la última transacción | 20141221121918.0 |
| 008 - CAMPO FIJO DE DESCRIPCIÓN FIJA--INFORMACIÓN GENERAL | |
| Códigos de información de longitud fija | 980815s1996 sp a f o000 | spa d |
| 017 ## - NÚMERO DE REGISTRO DE DERECHOS DE AUTOR Y DEPÓSITO LEGAL | |
| Número de copyright o de depósito legal | B 3536-1996 |
| Agencia que asigna el número | DL |
| 020 ## - ISBN (INTERNATIONAL STANDARD BOOK NUMBER) | |
| Número Internacional Normalizado para Libros (ISBN) | 84.7425.437.X |
| 024 7# - OTROS IDENTIFICADORES | |
| Número normalizado o código | 211-96-001-2 |
| Fuente del número o código | nipo |
| 035 ## - NÚMERO DE CONTROL DEL SISTEMA | |
| Número de control del sistema | CES19980080109m |
| 040 ## - FUENTE DE CATALOGACIÓN | |
| Centro catalogador de origen | ES-MaCES |
| Lengua de catalogación | spa |
| Centro transcriptor | ES-MaCES |
| 100 1# - ENCABEZAMIENTO PRINCIPAL--NOMBRE PERSONAL | |
| Nombre de persona | Bernal Domínguez, Félix |
| 9 (RLIN) | 7627 |
| 245 10 - MENCIÓN DE TÍTULO | |
| Título | Higiene industrial |
| Resto del título | : guía del monitor |
| Mención de responsabilidad, etc. | [autor, Félix Bernal Domínguez] |
| 260 ## - PUBLICACIÓN, DISTRIBUCIÓN, ETC (PIE DE IMPRENTA) | |
| Lugar de publicación, distribución, etc. | [Madrid?] |
| Nombre del editor, distribuidor, etc. | Instituto Nacional de Seguridad e Higiene en el Trabajo |
| Fecha de publicación, distribución, etc. | D.L. 1996 |
| 300 ## - DESCRIPCIÓN FÍSICA | |
| Extensión | 182 p. |
| Otras características físicas | il. |
| Dimensiones | 30 cm |
| 541 ## - NOTA DE LA FUENTE INMEDIANTE DE ADQUISICIÓN | |
| Forma de adquisición | Gratuito |
| 650 #4 - ASIENTO SECUNDARIO DE MATERIA--TÉRMINO DE MATERIA | |
| Término de materia o nombre geográfico como elemento inicial | salud en el trabajo |
| 9 (RLIN) | 28347 |
| 650 #4 - ASIENTO SECUNDARIO DE MATERIA--TÉRMINO DE MATERIA | |
| Término de materia o nombre geográfico como elemento inicial | seguridad en el trabajo |
| 9 (RLIN) | 28348 |
| 650 #4 - ASIENTO SECUNDARIO DE MATERIA--TÉRMINO DE MATERIA | |
| Término de materia o nombre geográfico como elemento inicial | higiene |
| 9 (RLIN) | 28692 |
| 650 #4 - ASIENTO SECUNDARIO DE MATERIA--TÉRMINO DE MATERIA | |
| Término de materia o nombre geográfico como elemento inicial | sector industrial |
| 9 (RLIN) | 27618 |
| 650 #4 - ASIENTO SECUNDARIO DE MATERIA--TÉRMINO DE MATERIA | |
| Término de materia o nombre geográfico como elemento inicial | contaminante |
| 9 (RLIN) | 28738 |
| 650 #4 - ASIENTO SECUNDARIO DE MATERIA--TÉRMINO DE MATERIA | |
| Término de materia o nombre geográfico como elemento inicial | límite de exposición |
| 9 (RLIN) | 29502 |
| 650 #4 - ASIENTO SECUNDARIO DE MATERIA--TÉRMINO DE MATERIA | |
| Término de materia o nombre geográfico como elemento inicial | formación sobre seguridad |
| 9 (RLIN) | 29961 |
| 650 #4 - ASIENTO SECUNDARIO DE MATERIA--TÉRMINO DE MATERIA | |
| Término de materia o nombre geográfico como elemento inicial | ejercicio teórico |
| 9 (RLIN) | 29966 |
| 650 #4 - ASIENTO SECUNDARIO DE MATERIA--TÉRMINO DE MATERIA | |
| Término de materia o nombre geográfico como elemento inicial | formador |
| 9 (RLIN) | 29967 |
| 650 #4 - ASIENTO SECUNDARIO DE MATERIA--TÉRMINO DE MATERIA | |
| Término de materia o nombre geográfico como elemento inicial | guía |
| 9 (RLIN) | 29262 |
| 653 10 - TÉRMINO DE INDEXACIÓN--NO CONTROLADO | |
| Término no controlado | Salud |
| 710 2# - ENCABEZAMIENTO SECUNDARIO--NOMBRE CORPORATIVO | |
| Nombre de entidad o nombre de jurisdicción como elemento inicial | Instituto Nacional de Seguridad e Higiene en el Trabajo (España) |
| Término indicativo de función | ed. |
| 9 (RLIN) | 4298 |
| 902 ## - CES. TIPO DE DOCUMENTO | |
| Tipodoc (006$c Sirtex) | LIB Libro |
| 942 ## - ELEMENTOS KOHA | |
| Fuente de clasificaión o esquema | Clasificación propia del CES |
| Koha [por defecto] tipo de item | Monografías |
| Parte de clasificación | 3.1. |
| Número de registro | Signatura completa | Tipo de item de Koha |
|---|---|---|
| 013944 | DPT-6205 | Monografías |
